| 000 | 00997nam a2200289 i 4500 | ||
|---|---|---|---|
| 001 | 5673 | ||
| 003 | ES-MaACL | ||
| 005 | 20231227144943.0 | ||
| 007 | t| | ||
| 008 | 890419s1987 sp ||||1| spa d | ||
| 020 | _a84-7423-331-3 | ||
| 080 | _a398.9(37) | ||
| 080 | _a398.9(38) | ||
| 245 | 0 | 0 |
_aAurea dicta : _bdichos y proverbios del mundo clásico / _cselección de Eduard Valentí ; traducción y complementos de Neus Gali ; introducción de Enrique Tierno Galván. |
| 260 |
_aBarcelona : _bCritica, _c[1987] |
||
| 300 |
_a477 p. ; _c20 cm. |
||
| 490 | 1 | _aLecturas de filología | |
| 500 | _aTexto bilingue latin-castellano. | ||
| 650 | 4 |
_aRefranes y proverbios- _zGrecia. _916729 |
|
| 650 | 4 |
_aRefranes y proverbios- _zRoma. _916731 |
|
| 700 | 1 |
_aValentí Fiol, Eduardo. _9112600 |
|
| 700 | 1 |
_aGalí, Neus. _953394 |
|
| 700 | 1 |
_aTierno Galván, Enrique, _d1918-1986 _9110235 |
|
| 830 | 1 |
_aLecturas de filología _9182339 |
|
| 852 | 4 |
_aES-MaACL _jL-12637 |
|
| 999 |
_c5673 _d5673 |
||